Đánh giá kết quả giáo dục ở tiểu học Tài liệu đào tạo giáo viên tiểu học trình độ đại học

Guardado en:
Detalles Bibliográficos
Autor principal: Phó Đức Hòa
Formato: Libro
Lenguaje:Vietnamese
Publicado: H. 2007
Materias:
Etiquetas: Agregar Etiqueta
Sin Etiquetas, Sea el primero en etiquetar este registro!
Thư viện lưu trữ: Mạng thư viện Đại học Đà Nẵng
LEADER 01023nam a2200301 4500
001 000015402
003 11782
005 20120528090517.0
008 120528s2007 viesd
041 0 |a vie 
082 |a 370.7  |b PH-H 
100 0 |a Phó Đức Hòa 
245 0 |a Đánh giá kết quả giáo dục ở tiểu học  |b Tài liệu đào tạo giáo viên tiểu học trình độ đại học  |c Phó Đức Hòa 
260 |a H.  |c 2007 
300 |a 244 tr.  |c 27 cm 
653 |a Giáo dục 
653 |a Tiểu học 
653 |a Đánh giá kết quả 
OWN |a LSP 
AVA |a UDN50  |b LSP  |d 370.7 PH-H  |e available  |t Error 5001 Not defined in file expand_doc_bib_avail.  |f 2  |g 0  |h N  |i 0  |k 1 
999 |a From the UDN01 
AVA |a UDN50  |b LSP  |d 370.7 PH-H  |e available  |t Error 5001 Not defined in file expand_doc_bib_avail.  |f 2  |g 0  |h N  |i 0  |k 1 
TYP |a Monograph 
TYP |a Printed language 
980 |a Mạng thư viện Đại học Đà Nẵng